Кои били викингите? (Запис номер 28362)
[ съкратено ]
| 000 -Лидер | |
|---|---|
| Контролно поле с фиксирана дължина | 01378nam a2200349 c 4500 |
| 003 - Код на организацията, давaща контролен номер | |
| Контролно поле | BLK |
| 005 - Дата и час на последна редакция | |
| Контролно поле | 20180420220224.0 |
| 008 - Елементи от данни с фиксирана дължина | |
| fixed length control field | 180407b bul|||||r ||||||| ||bul|| |
| 010 ## - Наследен системен номер | |
| LC control number | KNG00030956000 |
| 040 ## - Източник на каталожния запис | |
| Идентификатор на билиотеката - собственик на записа | BLK |
| 041 ## - Код за език | |
| Код за езика на текст/звукозапис или на отделно заглавие | Български |
| Код за езика КДБФ | Български |
| 080 ## - УДК | |
| Текстов определител УДК | История на Скандинавските страни |
| УДК код - определител по УДК | 948 |
| УДК определител | :087.5 |
| УДК - код + определител | 948:087.5 |
| 100 1# - Редна дума - Автор | |
| Автор | Чишолм, Джейн |
| Авторска отговорност | първи автор |
| R(LIN) | 267780 |
| 139 ## - Редно поле | |
| Редна дума | Чишолм, Джейн и др. |
| Авторски знак | Чит - Ч 86 |
| 245 10 - Сведения за заглавието | |
| Заглавие | Кои били викингите? |
| Редно поле (дума) | Джейн Чишолм; съавт. Струан Райд; прев. от англ. Юлия Кенова. |
| 257 ## - Страна на издаване | |
| Страна на създаване/издаване | Великобритания |
| 260 ## - Област на издателските данни | |
| -- | София |
| Име на издателя, разпространителя и проч. | Фют |
| Година на издаване | 2000 |
| Печатница | София : Д. Благоев |
| 300 ## - Физическа характеристика | |
| Страници | 32 с. |
| Илюстрации и др. | с цв. ил. |
| Размери/Мащаб | 24 см |
| 380 ## - Жанр | |
| Жанр | История |
| 490 1# - СЕРИИ (Колекции) | |
| Име на серия | Първи стъпки в историята |
| 500 ## - Общи забележки | |
| Забележка | Ориг. загл. Who were the Vikings. - Азб. показалец. |
| 650 #4 - Допълнително описание по предмет – тема | |
| Основно описание – тема или топоним | Викинги - история и култура |
| 9 (RLIN) | 150708 |
| 650 #4 - Допълнително описание по предмет – тема | |
| Основно описание – тема или топоним | Нормани - история и култура |
| 9 (RLIN) | 164336 |
| 653 ## - Ключова дума – ненормативна | |
| Ключова дума | викинги |
| 700 1# - Други автори (авторска отговорност) | |
| Лично име | Райд, Струан |
| Автороска отговорност (Описва отношението между автора и произведението) | съавт. |
| 9 (RLIN) | 267781 |
| 700 1# - Други автори (авторска отговорност) | |
| Лично име | Кенова, Юлия |
| Автороска отговорност (Описва отношението между автора и произведението) | прев. от англ. |
| 9 (RLIN) | 78232 |
| 852 ## - Местоположение | |
| Форматна сигнатура | Цб 203723 |
| 856 4# - Електронен адрес и достъп | |
| Електронен формат | pdf - файл |
| Път до файла /url/ | |
| 856 4# - Електронен адрес и достъп | |
| Електронен формат | pdf - файл |
| Път до файла /url/ | |
| 942 ## - АРТИКУЛИ | |
| Вид на библиотечния материал | Книги |
| Скрит в OPAC | Не |
| 944 ## - СЪЗДАВАНЕ И РЕДАКЦИЯ на ЗАПИСА | |
| Създаване/Редакция | Създаване |
| Дата на регистрацията/редакция | 15.01.2003 |
| Служител, извършил регистрацията/редакцията | AB_DOS |
| 944 ## - СЪЗДАВАНЕ И РЕДАКЦИЯ на ЗАПИСА | |
| Създаване/Редакция | Редакция |
| Дата на регистрацията/редакция | 21.10.2015 |
| Служител, извършил регистрацията/редакцията | Геновева_Генчева |
| 999 ## - СИСТЕМНИ КОНТРОЛНИ НОМЕРА | |
| Koha biblionumber | 28362 |
| Koha biblioitemnumber | 28362 |
| Код за отписване | Код за изгубен артикул | Източник на класификационната схема | Код за повреда | Коз за рестрикции | Код за отдаване | Артикулен № | Име на библиотеката - собственик | Име на библиотеката, в която се намира в момента | Статус (Текущо местоположение) | Дата на вписване в системата | Местоположение - отдел | Цена в лева | Инвентарен номер | Систематично азбучна сигнатура | Баркод | Номер на екземпляра | Цена в евро | Служебен тип на артикула |
|---|---|---|---|---|---|---|---|---|---|---|---|---|---|---|---|---|---|---|
| Не е изгубен | Universal Decimal Classification | Не е повреден | без рестрикции | ползва се в читалня | 45581 | Регионална библиотека "Любен Каравелов" Русе | Регионална библиотека "Любен Каравелов" Русе | Хранилище | 2001-01-01 | Хранилище | 2.99 | 654030 | Цб 203723 | 120000654030 | 1 | 1.53 | Книги | |
| Изтеглен | Не е изгубен | Universal Decimal Classification | Не е повреден | без рестрикции | заемане за дома | 45582 | Регионална библиотека "Любен Каравелов" Русе | Регионална библиотека "Любен Каравелов" Русе | Детски отдел | 2001-01-01 | Детски отдел | 2.99 | 665150 | ДН 93/99/Ч 86 | 665150 | 2 | 1.53 | Книги |